000 00398nam a2200145Ia 4500
008 230917s9999||||xx |||||||||||||| ||und||
020 _cPOU1.95
040 _e3588
_aMAIN
041 _aEnglish
082 _a320.942 A35D
100 _aAshford, Douglas E
245 0 _aDemocracy, decentralization and decisions in subnational politics
260 _aLondon
_bSage Publications
_c1976
942 _cBK
999 _c181865
_d181865